000 00622nam a2200193Ia 4500
003 GCL
008 140319s9999 xx 000 0 ara d
040 _aGCL /
_cGCL
082 0 4 _a414
_bح د
100 1 _aالحموى , احمد بن محمد
245 1 0 _aدرر العبارات وغرر الاشارات فى تحقيق معانى الاستعارات /
_cالحموى , احمد بن محمد
700 1 _aابراهيم عبدالحميد
300 _a124 ص
490 _a
650 0 4 _aاللغة العربية
650 0 4 _aالبلاغة العربية
650 0 4 _aالمعانى
942 _2ddc
_cBK
999 _c37775
_d37775